000 00724nam a2200181Ia 4500
008 100920s9999 xx 000 0 und d
082 _b108645
_a375 न 10
100 _aसंपा. कुलकर्णी अतुल.
245 _aचालु घडामोडी व सामान्य ज्ञान.
260 _bविद्याभारती प्रकाशन,लातूर.
_c2010
300 _a96
_bसाधी
365 _b20
520 _aशालो.
630 _aचालु घडामोडी व सामान्य ज्ञान.
650 _aशालो.
730 _aचालु घडामोडी व सामान्य ज्ञान.
942 _cBOOK
999 _c749064
_d749061